[Event "TCh-FRA Top 12 2016"]
[Site "Drancy FRA"]
[Date "2016.06.02"]
[Round "6.1"]
[Board "7"]
[White "Brochet, Philippe"]
[Black "Babault, Patrice"]
[Result "0-1"]
[WhiteTitle "IM"]
[BlackTitle "FM"]
[WhiteElo "2379"]
[BlackElo "2412"]
[WhiteTeam "Echecs Club MONTPELLIER"]
[BlackTeam "NICE Alekhine"]
[WhiteFideId "602469"]
[BlackFideId "623822"]
[EventDate "2016.05.28"]

1. e4 c6 2. d4 d5 3. e5 Bf5 4. Nf3 e6 5. c4 Ne7 6. Nc3 h6 7. Be3 Nd7 8. a3 dxc4
9. Bxc4 Nd5 10. Bd3 Bxd3 11. Qxd3 Be7 12. Ne4 O-O 13. O-O Rc8 14. b4 a5 15. bxa5
Qxa5 16. a4 Rfd8 17. Rfb1 b6 18. Nfd2 Nxe3 19. Qxe3 c5 20. Nd6 cxd4 21. Qe1 Bxd6
22. Rb5 Qa8 23. exd6 Qc6 24. Ne4 f5 25. Ng5 hxg5 26. Qxe6+ Kh8 27. h4 Nc5 28.
Qxf5 gxh4 29. Qh5+ Kg8 30. Rxb6 Qe4 31. a5 Nb7 32. a6 Nxd6 33. a7 d3 34. Qg5 Qd4
35. Rba6 d2 36. Rd1 Ne4 37. Qxh4 Rc1 38. Qg4 Rxd1+ 39. Qxd1 Qxf2+ 40. Kh2 Qg3+ 0-1

[Event "TCh-FRA Top 12 2016"]
[Site "Drancy FRA"]
[Date "2016.06.02"]
[Round "6.1"]
[Board "8"]
[White "Collas, Silvia"]
[Black "Haussernot, Cecile"]
[Result "1/2-1/2"]
[WhiteTitle "IM"]
[BlackTitle "WFM"]
[WhiteElo "2308"]
[BlackElo "2087"]
[WhiteTeam "NICE Alekhine"]
[BlackTeam "Echecs Club MONTPELLIER"]
[WhiteFideId "2902265"]
[BlackFideId "601632"]
[EventDate "2016.05.28"]

1. d4 Nf6 2. c4 e6 3. Nf3 c5 4. d5 b5 5. Bg5 b4 6. e4 d6 7. Bd3 Be7 8. Be3 Ng4
9. Bc1 Nd7 10. O-O O-O 11. Ne1 Nge5 12. Be2 Nb6 13. Nd2 Ba6 14. b3 Bf6 15. Rb1
Ng6 16. Nd3 Re8 17. a3 exd5 18. exd5 Nxd5 19. cxd5 Qe7 20. Nc4 Qxe2 21. axb4
cxb4 22. Qxe2 Rxe2 23. Nxb4 Bxc4 24. bxc4 Re4 25. Nc6 Rxc4 26. Ba3 Nf4 27. Bxd6
Nxd5 28. Nxa7 Nc3 29. Rb7 Ra4 30. Nb5 Ne2+ 31. Kh1 Ra1 32. Rb8+ Rxb8 33. Rxa1
Bxa1 34. Bxb8 1/2-1/2

[Event "TCh-FRA Top 12 2016"]
[Site "Drancy FRA"]
[Date "2016.06.02"]
[Round "6.2"]
[Board "1"]
[White "Naiditsch, Arkadij"]
[Black "Sanikidze, Tornike"]
[Result "1-0"]
[WhiteTitle "GM"]
[BlackTitle "GM"]
[WhiteElo "2663"]
[BlackElo "2537"]
[WhiteTeam "BISCHWILLER"]
[BlackTeam "C.E. STRASBOURG"]
[WhiteFideId "4650891"]
[BlackFideId "13602608"]
[EventDate "2016.05.28"]

1. e4 e5 2. Nf3 Nc6 3. Bb5 a6 4. Ba4 Nf6 5. O-O Be7 6. d3 d6 7. c3 O-O 8. Re1 b5
9. Bc2 Re8 10. Nbd2 Bf8 11. a4 Bb7 12. Nf1 Nb8 13. Ng3 Nbd7 14. Nf5 d5 15. exd5
Bxd5 16. Bg5 h6 17. Bh4 g6 18. Ne3 Bb7 19. Bb3 Bg7 20. Ba2 Nc5 21. Ng4 g5 22.
Nxg5 hxg5 23. Bxg5 Qd6 24. Bxf6 Bxf6 25. Nh6+ Kf8 26. Qh5 Re7 27. Re3 Ne6 28.
Nf5 Qc6 29. Rg3 Nf4 30. Qg4 Ke8 31. Re1 Nxg2 32. Re4 Nf4 33. Rf3 Ne6 34. h4 Kd7
35. Nh6 Qd6 36. Rxf6 Bxe4 37. Nxf7 Qxd3 38. Nxe5+ Kd8 39. Nxd3 Rg7 40. Bxe6
Rxg4+ 41. Bxg4 1-0

[Event "TCh-FRA Top 12 2016"]
[Site "Drancy FRA"]
[Date "2016.06.02"]
[Round "6.2"]
[Board "2"]
[White "Nataf, Igor-Alexandre"]
[Black "Rodshtein, Maxim"]
[Result "0-1"]
[WhiteTitle "GM"]
[BlackTitle "GM"]
[WhiteElo "2531"]
[BlackElo "2689"]
[WhiteTeam "C.E. STRASBOURG"]
[BlackTeam "BISCHWILLER"]
[WhiteFideId "605492"]
[BlackFideId "2806851"]
[EventDate "2016.05.28"]

1. e4 c6 2. d4 d5 3. Nd2 dxe4 4. Nxe4 Nd7 5. Bd3 Ngf6 6. Ng5 e6 7. Qe2 Bd6 8.
N1f3 h6 9. Ne4 Nxe4 10. Qxe4 Qc7 11. Qe2 b6 12. Bd2 Bb7 13. O-O-O c5 14. Rhg1
Rc8 15. dxc5 Nxc5 16. Bb5+ Kf8 17. Bc3 a6 18. Bd3 Bd5 19. Kb1 Nxd3 20. Qxd3 Qc4
21. Qxc4 Rxc4 22. Be5 Be7 23. b3 Rc8 24. Bd4 b5 25. Ne5 Be4 26. Nd3 h5 27. Rge1
Bf5 28. Kb2 f6 29. Bc5 Bxc5 30. Nxc5 Rxc5 31. Rd8+ Kf7 32. Rxh8 Rxc2+ 33. Ka1
Rxf2 34. Ra8 Rxg2 35. Ra7+ Kg6 36. Rxa6 Rxh2 37. a4 bxa4 38. bxa4 Rg2 39. a5 h4
40. Rb6 h3 41. Rb2 e5 42. a6 Rxb2 43. a7 Be6 44. Kxb2 Bd5 45. Rd1 Be4 46. Rd2
Kf5 47. Rf2+ Kg4 48. Rc2 f5 49. Rc4 h2 50. a8=Q h1=Q 51. Qe8 Qb1+ 52. Ka3 Qa1+
53. Kb4 g5 54. Rxe4+ fxe4 55. Qe6+ Kg3 56. Qb3+ Kh4 57. Kc5 Qd4+ 58. Kc6 e3 59.
Qc2 Kg3 60. Qc1 Qd2 61. Qc5 Qg2+ 62. Kd6 Qe4 63. Ke6 g4 64. Qa7 Kg2 65. Kf6 e2
66. Qa2 Kh1 0-1

[Event "TCh-FRA Top 12 2016"]
[Site "Drancy FRA"]
[Date "2016.06.02"]
[Round "6.2"]
[Board "3"]
[White "Edouard, Romain"]
[Black "Baklan, Vladimir"]
[Result "1-0"]
[WhiteTitle "GM"]
[BlackTitle "GM"]
[WhiteElo "2641"]
[BlackElo "2614"]
[WhiteTeam "BISCHWILLER"]
[BlackTeam "C.E. STRASBOURG"]
[WhiteFideId "633429"]
[BlackFideId "14102196"]
[EventDate "2016.05.28"]

1. d4 Nf6 2. c4 e6 3. Nc3 Bb4 4. Nf3 b6 5. e3 O-O 6. Bd3 d5 7. O-O Ba6 8. cxd5
Bxd3 9. Qxd3 exd5 10. Ne5 Re8 11. Bd2 Bxc3 12. Bxc3 Ne4 13. Rac1 f6 14. Nf3 a5
15. Be1 Na6 16. Qb5 Re7 17. Qc6 Ra7 18. Nh4 Nb8 19. Qc2 g6 20. f3 Nd6 21. Qb3
Nf7 22. g4 Na6 23. Rc6 Kg7 24. Ng2 Qd7 25. Rc2 a4 26. Qc3 c5 27. dxc5 bxc5 28.
Rd2 Qc6 29. Nf4 Rad7 30. Bh4 Re5 31. Rfd1 Nc7 32. Nd3 Rxe3 33. Qxc5 Qe6 34. Qd4
Nb5 35. Bxf6+ Kg8 36. Qf4 Qb6 37. Nf2 Re6 38. g5 d4 39. Ne4 Nc3 40. Rc1 Re8 41.
bxc3 dxc3+ 42. Rf2 c2 43. Kg2 Rd1 44. Rcxc2 Qb1 45. Bb2 Rg1+ 46. Kh3 Qxa2 47.
Nf6+ Kf8 48. Qb4+ 1-0

[Event "TCh-FRA Top 12 2016"]
[Site "Drancy FRA"]
[Date "2016.06.02"]
[Round "6.2"]
[Board "4"]
[White "Vaisser, Anatoly"]
[Black "Bacrot, Etienne"]
[Result "1/2-1/2"]
[WhiteTitle "GM"]
[BlackTitle "GM"]
[WhiteElo "2509"]
[BlackElo "2702"]
[WhiteTeam "C.E. STRASBOURG"]
[BlackTeam "BISCHWILLER"]
[WhiteFideId "603252"]
[BlackFideId "605506"]
[EventDate "2016.05.28"]

1. d4 Nf6 2. c4 e6 3. Nc3 Bb4 4. e3 b6 5. Ne2 Bb7 6. a3 Bxc3+ 7. Nxc3 d5 8. cxd5
Nxd5 9. Nxd5 Qxd5 10. f3 c5 11. dxc5 Qxc5 12. Be2 1/2-1/2

[Event "TCh-FRA Top 12 2016"]
[Site "Drancy FRA"]
[Date "2016.06.02"]
[Round "6.2"]
[Board "6"]
[White "Roos, Louis"]
[Black "Pelletier, Yannick"]
[Result "0-1"]
[WhiteTitle "IM"]
[BlackTitle "GM"]
[WhiteElo "2359"]
[BlackElo "2558"]
[WhiteTeam "C.E. STRASBOURG"]
[BlackTeam "BISCHWILLER"]
[WhiteFideId "600288"]
[BlackFideId "1301837"]
[EventDate "2016.05.28"]

1. e4 c6 2. d4 d5 3. exd5 cxd5 4. Bd3 Nc6 5. c3 Qc7 6. Ne2 Bg4 7. f3 Bd7 8. f4
Nh6 9. Nd2 Bf5 10. Nf3 e6 11. h3 Bxd3 12. Qxd3 Nf5 13. g4 Nd6 14. Ng3 Be7 15.
Rh2 O-O-O 16. Be3 Nc4 17. Rc2 Bd6 18. Ne2 f6 19. b3 Nxe3 20. Qxe3 Kb8 21. O-O-O
Rhe8 22. Kb1 h6 23. Ne1 g5 24. Nd3 Qh7 25. Ng3 gxf4 26. Nxf4 e5 27. dxe5 d4 28.
Qd3 Qxd3 29. Nxd3 fxe5 30. Ne4 Rf8 31. Re2 dxc3 32. Nxc3 Rf3 33. Ne4 Bc7 34.
Nef2 Bb6 35. Rdd2 Be3 36. Rd1 Kc7 37. Rc2 Bxf2 0-1

[Event "TCh-FRA Top 12 2016"]
[Site "Drancy FRA"]
[Date "2016.06.02"]
[Round "6.2"]
[Board "7"]
[White "Schlosser, Philipp"]
[Black "Vitoux, Colomban"]
[Result "1/2-1/2"]
[WhiteTitle "GM"]
[BlackTitle "IM"]
[WhiteElo "2539"]
[BlackElo "2385"]
[WhiteTeam "BISCHWILLER"]
[BlackTeam "C.E. STRASBOURG"]
[WhiteFideId "4600169"]
[BlackFideId "628549"]
[EventDate "2016.05.28"]

1. c4 c6 2. e4 e5 3. Nf3 Nf6 4. Nc3 Bb4 5. Nxe5 O-O 6. Be2 Re8 7. Nd3 Bxc3 8.
dxc3 Nxe4 9. O-O d6 10. Re1 Bf5 11. Bf1 Nd7 12. f3 Nec5 13. Rxe8+ Qxe8 14. Nf2
Qe7 15. Bf4 Ne5 16. Qd2 Rd8 17. Rd1 f6 18. h3 h5 19. Bh2 h4 20. Qf4 Bc2 21. Rd4
Ne6 22. Qd2 Bf5 23. Rxh4 g5 24. Rd4 Nxd4 25. cxd4 Ng6 26. Nd1 Re8 27. Bg3 Kg7
28. Bf2 Nf4 29. Ne3 Bc8 30. d5 cxd5 31. Nxd5 Nxd5 32. Qxd5 Be6 33. Qd4 b6 34. h4
gxh4 35. Qxh4 Bf5 36. Bd4 Kf7 37. b4 Rg8 38. a4 Rg5 39. Kf2 Bc2 40. Be3 1/2-1/2

[Event "TCh-FRA Top 12 2016"]
[Site "Drancy FRA"]
[Date "2016.06.02"]
[Round "6.2"]
[Board "8"]
[White "Nicoara, Malina"]
[Black "Maisuradze, Nino"]
[Result "0-1"]
[WhiteTitle "WIM"]
[BlackTitle "WGM"]
[WhiteElo "2088"]
[BlackElo "2239"]
[WhiteTeam "C.E. STRASBOURG"]
[BlackTeam "BISCHWILLER"]
[WhiteFideId "604631"]
[BlackFideId "13601717"]
[EventDate "2016.05.28"]

1. d4 Nf6 2. c4 e6 3. Nc3 c5 4. d5 exd5 5. cxd5 d6 6. e4 g6 7. Nf3 Bg7 8. Be2 a6
9. a4 Bg4 10. O-O O-O 11. Bf4 Bxf3 12. Bxf3 Ne8 13. Qd2 Nd7 14. Rfe1 Qe7 15. h3
Nc7 16. Bg5 Bf6 17. Bxf6 Qxf6 18. a5 Rab8 19. Bg4 Ne5 20. Ra4 b5 21. axb6 Rxb6
22. f4 Nxg4 23. hxg4 Rfb8 24. e5 Qd8 25. Ra2 Rb4 26. exd6 Ne8 27. Ne4 Nxd6 28.
Nxc5 Nc4 29. Qf2 Nxb2 30. Nxa6 Nd3 31. Qe3 Rb1 32. Ra1 Nxe1 33. Nxb8 Nc2+ 34.
Rxb1 Nxe3 35. Nc6 Qd6 36. f5 Nxd5 0-1

[Event "TCh-FRA Top 12 2016"]
[Site "Drancy FRA"]
[Date "2016.06.02"]
[Round "6.3"]
[Board "2"]
[White "Bailet, Pierre"]
[Black "Ipatov, Alexander"]
[Result "1/2-1/2"]
[WhiteTitle "IM"]
[BlackTitle "GM"]
[WhiteElo "2499"]
[BlackElo "2648"]
[WhiteTeam "VANDOEUVRE Echecs"]
[BlackTeam "C.E. de BOIS COLOMBES"]
[WhiteFideId "655830"]
[BlackFideId "14116731"]
[EventDate "2016.05.28"]

1. e4 e5 2. Nf3 Nc6 3. Bb5 a6 4. Ba4 Nf6 5. O-O Be7 6. Re1 b5 7. Bb3 d6 8. c3
O-O 9. h3 Nd7 10. d4 Bf6 11. a4 Na5 12. Bc2 b4 13. Nbd2 Rb8 14. Nf1 c5 15. Ne3
bxc3 16. bxc3 cxd4 17. cxd4 exd4 18. Nxd4 Rb4 19. Nef5 Qb6 20. Nf3 Nc4 21. Bg5
Bxa1 22. Qxa1 Nde5 23. Nxe5 dxe5 24. Ne7+ Kh8 25. Nd5 Qg6 26. Nxb4 Qxg5 27. Qc3
Be6 28. Nd5 Rc8 29. Qd3 h5 30. Bb3 Qd2 31. Rd1 Qxd3 32. Rxd3 Nb2 33. Rd2 Rc1+
34. Kh2 Nc4 35. Rd3 Nd6 36. f3 Nb7 37. Ne3 Nc5 38. Rd8+ Kh7 39. Bxe6 Nxe6 40.
Rd7 Rc7 41. Rd6 Rc3 42. Nd5 Rc2 43. Rd7 Ng5 44. Kg1 Rc1+ 45. Kf2 Rc2+ 46. Kg1
Rc1+ 47. Kf2 1/2-1/2

[Event "TCh-FRA Top 12 2016"]
[Site "Drancy FRA"]
[Date "2016.06.02"]
[Round "6.3"]
[Board "3"]
[White "Duda, Jan-Krzysztof"]
[Black "Hamitevici, Vladimir"]
[Result "1-0"]
[WhiteTitle "GM"]
[BlackTitle "IM"]
[WhiteElo "2666"]
[BlackElo "2468"]
[WhiteTeam "C.E. de BOIS COLOMBES"]
[BlackTeam "VANDOEUVRE Echecs"]
[WhiteFideId "1170546"]
[BlackFideId "13902393"]
[EventDate "2016.05.28"]

1. e4 e5 2. Nf3 Nc6 3. Bb5 a6 4. Ba4 Nf6 5. O-O b5 6. Bb3 Bb7 7. Re1 Be7 8. d4
d6 9. c3 O-O 10. Nbd2 Re8 11. Ng5 Rf8 12. Nf1 Na5 13. Bc2 Nd7 14. Nf3 Nc4 15.
Ng3 g6 16. a4 Bf6 17. Bh6 Re8 18. b3 Ncb6 19. a5 Nc8 20. Qd2 b4 21. cxb4 exd4
22. Rad1 c5 23. bxc5 dxc5 24. b4 Nd6 25. Qf4 Nc4 26. Ba4 Nce5 27. Nxe5 Bxe5 28.
Qg4 Bc8 29. Qe2 cxb4 30. f4 Bh8 31. Qc4 Qxa5 32. Bb3 Re7 33. Qc6 Rb8 34. Rc1 Bg7
35. Qd6 Re8 36. Bxg7 Kxg7 37. Rxc8 Rexc8 38. Qxd7 Qc7 39. Qxd4+ Kg8 40. Ne2 Qc5
41. Ra1 a5 42. Qxc5 Rxc5 43. Kf2 Rd8 44. Ke3 Kf8 45. g4 Ke7 46. g5 h6 47. h4
hxg5 48. hxg5 Rdc8 49. Kd4 R8c7 50. f5 gxf5 51. Nf4 fxe4 52. Nd5+ Rxd5+ 53. Bxd5
e3 54. Kxe3 b3 55. Rxa5 b2 56. Be4 Rb7 57. Bb1 Kf8 58. Kd4 Kg7 59. Kc4 Re7 60.
Rb5 Re2 61. Kc3 Rg2 62. Be4 Rg4 63. Bc2 Rg3+ 64. Kxb2 Re3 65. Rd5 Kf8 66. Bd3
Ke7 67. Kc3 Ke6 68. Kd2 Rg3 69. Ra5 Ke7 70. Ke2 Kf8 71. Rd5 Kg7 72. Kf2 Rh3 73.
Be4 Ra3 74. Bd3 Ra4 75. Kf3 Ra7 76. Kg4 Ra4+ 77. Kf5 Ra2 78. Rd7 Rf2+ 79. Ke5
Kf8 80. Bf5 Rb2 81. Be4 Rf2 82. Rd6 Kg7 83. Rf6 Re2 84. Kf4 Rf2+ 85. Bf3 Rd2 86.
Kg4 Rd4+ 87. Kh5 Rd2 88. Rf5 Rd6 89. Bd5 f6 90. g6 Rd8 91. Bf7 Rd1 92. Kg4 Rg1+
93. Kf4 Rf1+ 94. Ke4 Re1+ 95. Kd3 Rh1 96. Ra5 Rh8 97. Ra7 Rh3+ 98. Ke4 Rh4+ 99.
Kf3 Rh8 100. Kg4 Rb8 101. Be6+ Kxg6 102. Bf5+ Kh6 103. Rh7# 1-0

[Event "TCh-FRA Top 12 2016"]
[Site "Drancy FRA"]
[Date "2016.06.02"]
[Round "6.3"]
[Board "4"]
[White "Savina, Anastasia"]
[Black "Bachmann, Axel"]
[Result "0-1"]
[WhiteTitle "IM"]
[BlackTitle "GM"]
[WhiteElo "2387"]
[BlackElo "2632"]
[WhiteTeam "VANDOEUVRE Echecs"]
[BlackTeam "C.E. de BOIS COLOMBES"]
[WhiteFideId "4196872"]
[BlackFideId "3700488"]
[EventDate "2016.05.28"]

1. Nf3 c5 2. c4 Nc6 3. d4 cxd4 4. Nxd4 Nf6 5. Nc3 d6 6. e4 g6 7. f3 Bg7 8. Be3
O-O 9. Qd2 Bd7 10. Be2 Nxd4 11. Bxd4 Bc6 12. O-O a5 13. b3 Nd7 14. Be3 Nc5 15.
Rab1 Qb6 16. Nd5 Bxd5 17. cxd5 Qb4 18. Rfc1 f5 19. exf5 Rxf5 20. Qd1 b5 21. Kh1
Kh8 22. Qf1 Rb8 23. a4 Bd4 24. Rc4 bxc4 25. Bxd4+ Kg8 26. Bxc4 Rf4 27. Bxc5 Qxc5
28. Re1 Kf8 29. Qe2 Rb7 30. Qd2 Rd4 31. Qh6+ Kg8 32. Qh3 Qb4 33. Qe6+ Kg7 34. f4
Rxf4 35. Qe3 Rf6 36. h3 Rc7 37. Rd1 Rf5 38. Qd4+ Kg8 39. Qg4 Qc3 40. Rd3 Qe1+
41. Kh2 Rf1 42. Qe6+ Qxe6 43. dxe6 Kg7 44. g4 Rc5 45. Re3 Rf4 46. Kg3 g5 47. Rd3
Kf6 48. Rd2 Rcxc4 49. bxc4 Rxc4 50. Rd5 Rc5 51. Rd3 Kxe6 52. Re3+ Re5 53. Rb3
Kf6 54. Rf3+ Ke6 55. Rb3 Kf6 56. Rf3+ Kg6 57. Rf8 h5 58. Rg8+ Kf7 59. Ra8 h4+
60. Kf3 Ke6 61. Ra7 Rc5 62. Ke3 Rc3+ 63. Kd4 Rxh3 64. Rxa5 Ra3 65. Rxg5 Rxa4+
66. Ke3 h3 67. Kf2 Ra2+ 68. Kg1 d5 0-1

[Event "TCh-FRA Top 12 2016"]
[Site "Drancy FRA"]
[Date "2016.06.02"]
[Round "6.3"]
[Board "5"]
[White "Bauer, Christian"]
[Black "Philippe, Christophe"]
[Result "1-0"]
[WhiteTitle "GM"]
[BlackTitle "IM"]
[WhiteElo "2634"]
[BlackElo "2386"]
[WhiteTeam "C.E. de BOIS COLOMBES"]
[BlackTeam "VANDOEUVRE Echecs"]
[WhiteFideId "603767"]
[BlackFideId "610038"]
[EventDate "2016.05.28"]

1. Nf3 Nc6 2. e4 e5 3. Bb5 a6 4. Ba4 Nf6 5. d3 d6 6. c3 Be7 7. O-O O-O 8. Re1 b5
9. Bb3 Na5 10. Bc2 c5 11. Nbd2 Nc6 12. Nf1 Re8 13. h3 Bf8 14. Bg5 h6 15. Bxf6
Qxf6 16. a4 Be6 17. Ne3 g6 18. Bb3 Ne7 19. Ng4 Bxg4 20. hxg4 Bg7 21. Ra2 Rec8
22. Qe2 Rcb8 23. g3 b4 24. Bc4 a5 25. Raa1 Ra7 26. Kg2 Nc6 27. Nh2 Nd8 28. Nf1
Ne6 29. Ne3 Nc7 30. Rf1 bxc3 31. bxc3 Rab7 32. Ra2 Rb1 33. Rxb1 Rxb1 34. Rb2
Rxb2 35. Qxb2 Ne6 36. Bxe6 fxe6 37. Qb6 Bf8 38. Qxa5 h5 39. Qb5 h4 40. gxh4 Qxh4
41. Qe8 1-0

[Event "TCh-FRA Top 12 2016"]
[Site "Drancy FRA"]
[Date "2016.06.02"]
[Round "6.3"]
[Board "6"]
[White "Nezar, Mustapha"]
[Black "Cornette, Matthieu"]
[Result "1-0"]
[WhiteTitle "IM"]
[BlackTitle "GM"]
[WhiteElo "2364"]
[BlackElo "2579"]
[WhiteTeam "VANDOEUVRE Echecs"]
[BlackTeam "C.E. de BOIS COLOMBES"]
[WhiteFideId "608637"]
[BlackFideId "620084"]
[EventDate "2016.05.28"]

1. c4 e6 2. Nc3 Nf6 3. e4 d5 4. e5 d4 5. exf6 dxc3 6. bxc3 Qxf6 7. Nf3 e5 8. Bd3
Bg4 9. Be4 Nd7 10. h3 Bf5 11. Qe2 Bxe4 12. Qxe4 Nc5 13. Qxe5+ Qxe5+ 14. Nxe5 f6
15. Nf3 Nd3+ 16. Ke2 O-O-O 17. Ne1 Bc5 18. Nxd3 Rhe8+ 19. Kd1 Rxd3 20. Re1 Red8
21. Ke2 b6 22. Kf1 R8d6 23. Re8+ Kd7 24. Rg8 g5 25. Ke2 h5 26. Rg7+ Kc6 27. Rh7
h4 28. Rf7 a5 29. a4 Kb7 30. f3 Kc6 31. Rb1 Bg1 32. Rxf6 Rxf6 33. Kxd3 Re6 34.
Ba3 Bh2 35. Bf8 Bf4 36. Bg7 Rd6+ 37. Bd4 Kd7 38. Ke2 Rc6 39. d3 Re6+ 40. Kf1 c5
41. Bf2 Bd2 42. Be1 Bf4 43. Rd1 Kd6 44. Bd2 Re7 45. Be1 Be5 46. Bd2 Bf4 47.
Bxf4+ gxf4 48. Re1 1-0

[Event "TCh-FRA Top 12 2016"]
[Site "Drancy FRA"]
[Date "2016.06.02"]
[Round "6.3"]
[Board "7"]
[White "Vuilleumier, Alexandre"]
[Black "Brunner, Nicolas"]
[Result "0-1"]
[WhiteTitle "IM"]
[BlackTitle "IM"]
[WhiteElo "2384"]
[BlackElo "2442"]
[WhiteTeam "C.E. de BOIS COLOMBES"]
[BlackTeam "VANDOEUVRE Echecs"]
[WhiteFideId "1305662"]
[BlackFideId "620246"]
[EventDate "2016.05.28"]

1. e4 c5 2. Nf3 d6 3. d4 cxd4 4. Nxd4 Nf6 5. Nc3 a6 6. h3 e6 7. g4 Be7 8. Be3 b5
9. g5 Nfd7 10. Qd2 Bb7 11. a3 Nc6 12. O-O-O Rc8 13. Nxc6 Rxc6 14. f4 O-O 15. Rg1
Qa5 16. Kb1 Rxc3 17. Qxc3 Qxc3 18. bxc3 Bxe4 19. Bd3 Bd5 20. f5 Rc8 21. fxe6
fxe6 22. g6 h6 23. Bf5 Bc4 24. Bg4 Ne5 25. Bf4 Nxg4 26. hxg4 e5 27. Bc1 d5 28.
g5 hxg5 29. Bxg5 Bxa3 30. Rde1 Bd6 31. Bh4 a5 32. Rg5 e4 33. Bg3 Bxg3 34. Rxg3
Rc6 35. Kb2 Re6 36. Ra1 a4 37. Re1 Kf8 38. Ree3 Ke7 39. Rg2 Kf6 40. Ka3 Kf5 41.
Reg3 e3 42. Rf3+ Ke4 43. Rgg3 d4 44. cxd4 Kxd4 45. Kb4 e2 46. c3+ Ke5 0-1

[Event "TCh-FRA Top 12 2016"]
[Site "Drancy FRA"]
[Date "2016.06.02"]
[Round "6.3"]
[Board "8"]
[White "Steil-Antoni, Fiona"]
[Black "Congiu, Mathilde"]
[Result "1-0"]
[WhiteTitle "WIM"]
[BlackTitle "WIM"]
[WhiteElo "2185"]
[BlackElo "2267"]
[WhiteTeam "VANDOEUVRE Echecs"]
[BlackTeam "C.E. de BOIS COLOMBES"]
[WhiteFideId "4001249"]
[BlackFideId "634581"]
[EventDate "2016.05.28"]

1. e4 d5 2. exd5 Qxd5 3. Nc3 Qa5 4. d4 Nf6 5. Nf3 c6 6. Bd2 Bf5 7. Ne4 Qb6 8.
Nxf6+ gxf6 9. b4 Rg8 10. g3 e5 11. Bg2 Bxb4 12. O-O Bxd2 13. Qxd2 Nd7 14. Qc3
O-O-O 15. dxe5 fxe5 16. Nxe5 Nxe5 17. Qxe5 Be6 18. a4 Qc7 19. Qc5 Qb6 20. Qh5
Rd2 21. a5 Qd4 22. Qxh7 Rd8 23. Rab1 Qc5 24. a6 b6 25. Be4 Kc7 26. Bd3 Qc3 27.
Rbe1 Rh8 28. Qe4 Qa5 29. Qf4+ Kc8 30. Re5 Qc3 31. Qf6 Rh5 32. Rxe6 1-0

[Event "TCh-FRA Top 12 2016"]
[Site "Drancy FRA"]
[Date "2016.06.02"]
[Round "6.4"]
[Board "1"]
[White "Moussard, Jules"]
[Black "Navara, David"]
[Result "0-1"]
[WhiteTitle "IM"]
[BlackTitle "GM"]
[WhiteElo "2506"]
[BlackElo "2735"]
[WhiteTeam "EVRY Grand Roque"]
[BlackTeam "MULHOUSE Philidor"]
[WhiteFideId "642908"]
[BlackFideId "309095"]
[EventDate "2016.05.28"]

1. Nf3 g6 2. e4 Bg7 3. d4 d6 4. Bc4 Nf6 5. Qe2 O-O 6. O-O Bg4 7. e5 Ne8 8. Rd1
Nc6 9. Bd5 Qd7 10. h3 Bxf3 11. Bxf3 dxe5 12. Bxc6 Qxc6 13. dxe5 Qc5 14. Bf4 Qb4
15. c4 c6 16. Rd7 Rc8 17. a3 Qb6 18. Nc3 Nc7 19. Rad1 Rfe8 20. Bg5 Ne6 21. Bxe7
Nf8 22. b4 Nxd7 23. Rxd7 Rc7 24. c5 Rxd7 25. cxb6 Rdxe7 26. bxa7 Rxe5 27. Ne4
Ra8 28. Qe3 b5 29. Qd3 Re7 30. Qc2 Rc7 31. a4 bxa4 32. b5 Rcxa7 33. b6 Ra5 34.
Qxc6 a3 35. b7 Rf8 36. Nd2 a2 37. Nb3 Ra3 38. Qc2 Rxb3 0-1

[Event "TCh-FRA Top 12 2016"]
[Site "Drancy FRA"]
[Date "2016.06.02"]
[Round "6.4"]
[Board "2"]
[White "Bluebaum, Matthias"]
[Black "Relange, Eloi"]
[Result "1/2-1/2"]
[WhiteTitle "GM"]
[BlackTitle "GM"]
[WhiteElo "2633"]
[BlackElo "2464"]
[WhiteTeam "MULHOUSE Philidor"]
[BlackTeam "EVRY Grand Roque"]
[WhiteFideId "24651516"]
[BlackFideId "600822"]
[EventDate "2016.05.28"]

1. d4 f5 2. Bg5 g6 3. Nc3 Bg7 4. e3 Nc6 5. Bc4 h6 6. Bh4 Nf6 7. Bxf6 Bxf6 8.
Nge2 e5 9. Bb3 d6 10. a3 Bd7 11. Qd2 Ne7 12. O-O-O c6 13. dxe5 dxe5 14. Qd6 Nc8
15. Bf7+ Kxf7 16. Qxd7+ Qe7 17. g4 Nb6 18. Qxe7+ Bxe7 19. Rhg1 Rad8 20. gxf5
gxf5 21. Ng3 Rxd1+ 22. Rxd1 Ke6 1/2-1/2

[Event "TCh-FRA Top 12 2016"]
[Site "Drancy FRA"]
[Date "2016.06.02"]
[Round "6.4"]
[Board "3"]
[White "Milliet, Sophie"]
[Black "Istratescu, Andrei"]
[Result "1/2-1/2"]
[WhiteTitle "IM"]
[BlackTitle "GM"]
[WhiteElo "2346"]
[BlackElo "2592"]
[WhiteTeam "EVRY Grand Roque"]
[BlackTeam "MULHOUSE Philidor"]
[WhiteFideId "623725"]
[BlackFideId "1200372"]
[EventDate "2016.05.28"]

1. e4 e5 2. Nf3 Nc6 3. Bc4 Bc5 4. O-O Nf6 5. d3 O-O 6. h3 a6 7. c3 d5 8. exd5
Nxd5 9. Re1 b5 10. Bb3 Bb7 11. Nbd2 Nf4 12. Ne4 Nxd3 13. Nfg5 h6 14. Qh5 hxg5
15. Nxg5 Bxf2+ 16. Kf1 Qxg5 17. Bxg5 Bxe1 18. Rxe1 Nxe1 19. Qg6 Kh8 20. Qh5+ Kg8
21. Kxe1 Na5 22. Qg4 Kh8 23. Qh5+ Kg8 24. Qg4 Kh8 25. Qh4+ Kg8 26. Qg3 Kh8 27.
Bc2 f5 28. Qh4+ Kg8 29. g4 Be4 30. Bxe4 fxe4 31. Be7 Rf4 32. Qh5 Rf7 33. Bb4 Nc6
34. Bc5 Ne7 35. Bxe7 Rxe7 36. g5 Rd8 37. g6 Red7 38. Qh7+ Kf8 39. Qh8+ Ke7 40.
Qxg7+ Ke6 41. Qh6 Rd1+ 42. Ke2 Rg1 43. g7+ Kf7 44. Qh5+ Rg6 45. Qf5+ Rf6 46.
Qxe4 Kxg7 47. Qxe5 Rd6 48. Qe7+ Rf7 49. Qe5+ 1/2-1/2

[Event "TCh-FRA Top 12 2016"]
[Site "Drancy FRA"]
[Date "2016.06.02"]
[Round "6.4"]
[Board "4"]
[White "Gledura, Benjamin"]
[Black "Bergez, Luc"]
[Result "1-0"]
[WhiteTitle "IM"]
[BlackTitle "IM"]
[WhiteElo "2557"]
[BlackElo "2342"]
[WhiteTeam "MULHOUSE Philidor"]
[BlackTeam "EVRY Grand Roque"]
[WhiteFideId "712779"]
[BlackFideId "606600"]
[EventDate "2016.05.28"]

1. Nf3 Nf6 2. g3 g6 3. b3 Bg7 4. Bb2 O-O 5. Bg2 d6 6. d4 c5 7. c4 cxd4 8. Nxd4
Qb6 9. O-O Nc6 10. e3 Nxd4 11. exd4 e6 12. Nc3 Bd7 13. Re1 Rfd8 14. Qd2 Rac8 15.
Rad1 a6 16. h3 Qb4 17. Qc1 b5 18. Ba3 Qa5 19. Bxd6 bxc4 20. b4 Qb6 21. Bc5 Qb8
22. Qe3 Re8 23. Qe2 Nd5 24. Qxc4 Nxc3 25. Qxc3 Ba4 26. Rc1 Red8 27. Qe3 Rd7 28.
Rc3 Rcd8 29. Rd3 Bb5 30. Rd2 Ba4 31. h4 h5 32. f4 Bb5 33. Kh2 Bc4 34. a4 Bd5 35.
Bf1 Qa8 36. Rc1 Bc6 37. Bb6 Rb8 38. a5 Bf8 39. Rb2 Bb7 40. b5 Be7 41. bxa6 Bxa6
42. Bg2 Bb7 43. Rc7 1-0